000 01206nam2a22002531 4500
001 RU\NLR\INFOCOMM55\1000062122
005 20250617122214.0
035 _a(NLR Aleph) 002598809
090 _a3425148
_c3425148
100 _a20040617d1906 |||y0rusy50 ca
101 0 _arus
102 _aRU
105 _ay |||||||||
200 1 _aПослание шведского полковника Александра Лесли к царю Михаилу Феодоровину из Нарвы о новоучрежденном рыцарском польском ордене в 1638 году
_fА. Лесли
210 _d1906
_aБ. м.
461 0 _1001RU\NLR\INFOCOMM55\1000061955
_12001#$aПамятники древней письменности$fОЛДП [О-во любителей древней письменности]$v165
_93419318
_cСПб.
_d1878-1925
_fОЛДП [О-во любителей древней письменности]
_tПамятники древней письменности
_v165
700 1 _aЛесли
_bА.
_4070
801 1 _aRU
_bInfoComm
_c20040617
801 0 _aRU
_bNLR
_gPSBO
852 _aNLR
_j18.345.2.1
942 _cISSUE
980 _aNB
980 _aRUSPER